| 000 | 00682nam a22002177a 4500 | ||
|---|---|---|---|
| 999 |
_c3880 _d3880 |
||
| 003 | AR-CdUCM | ||
| 008 | 190307b ||||| |||| 00| 0 spa d | ||
| 020 | _a978-612-4082-21-4 | ||
| 040 |
_aMUNICIPALIDAD PROVINCIAL DEL CUSCO _cBIBLIOTECA MUNICIPAL DEL CUSCO |
||
| 082 |
_a801 / _bB44 |
||
| 100 |
_aBezzubikoff, Evgueni _912471 |
||
| 245 | _aLos disparos / | ||
| 260 |
_aLima : _bEl Hipocampo, _c2013. |
||
| 300 |
_a55 paginas ; _c22 cm. |
||
| 505 | _aContenido : Los poemas -- Los filos -- La tradiciones ... | ||
| 650 |
_aPoesía latinoamericana _92147 |
||
| 650 |
_aPoesía universal _912472 |
||
| 650 |
_aLiteratura universal _9611 |
||
| 942 |
_2ddc _cLIBROS |
||
| 945 | _arah | ||